El tradicionalismo político español y la ciencia hispana / (Record no. 171497)
[ view plain ]
| 000 -LEADER | |
|---|---|
| campo de control de longitud fija | 00529nam a22001695i 4500 |
| 001 - NÚMERO DE CONTROL | |
| campo de control | 171497 |
| 003 - IDENTIFICADOR DE NÚMERO DE CONTROL | |
| campo de control | ES-MaACL |
| 005 - FECHA Y HORA DE LA ÚLTIMA TRANSACCIÓN | |
| campo de control | 20250930063149.0 |
| 008 - DATOS DE LONGITUD FIJA--INFORMACIÓN GENERAL | |
| campo de control de longitud fija | 090519s1951 sp |||| | spa d |
| 080 ## - NÚMERO DE LA CLASIFICACIÓN DECIMAL UNIVERSAL | |
| Número de la Clasificación Decimal Universal | 321.211(46) |
| 100 1# - ENTRADA PRINCIPAL--NOMBRE DE PERSONA | |
| Nombre de persona | Solana, Marcial, |
| Fechas asociadas al nombre | 1880-1958 |
| 9 (RLIN) | 107070 |
| 245 13 - MENCIÓN DEL TÍTULO | |
| Título | El tradicionalismo político español y la ciencia hispana / |
| Mención de responsabilidad, etc. | Marcial Solana. |
| 260 ## - PUBLICACIÓN, DISTRIBUCIÓN, ETC. | |
| Lugar de publicación, distribución, etc. | Madrid : |
| Nombre del editor, distribuidor, etc. | Edit. Tradicionalista, |
| Fecha de publicación, distribución, etc. | 1951. |
| 300 ## - DESCRIPCIÓN FÍSICA | |
| Extensión | 682 p. ; |
| Dimensiones | 21 cm. |
| 852 ## - LOCALIZACIÓN | |
| Ubicación | ES-MaACL |
| Número de control de estantería | D-5248 |
| itemnumber | R.31073 |
| Estatus retirado | Estado de pérdida | Estado de daño | No para préstamo | Biblioteca de origen | Biblioteca actual | Ubicación en estantería | Fecha de adquisición | Fuente de adquisición | Total de préstamos | Signatura topográfica completa | Código de barras | Visto por última vez | Precio de reemplazo | Tipo de ítem Koha |
|---|---|---|---|---|---|---|---|---|---|---|---|---|---|---|
| Biblioteca del Ateneo de Madrid | Biblioteca del Ateneo de Madrid | Sala Valle Inclán | 19/05/2009 | D-5248 | 901179973 | 23/02/2023 | 23/02/2023 | Libro impreso |
